| 000 | 00375 a2200145 4500 | ||
|---|---|---|---|
| 001 | 93122 | ||
| 020 | _a0-07-144474-2 | ||
| 082 | _a621.3848/RIC | ||
| 090 |
_c44713 _d44714 |
||
| 100 | _aRichards, Mark. A | ||
| 245 | _aFundamentals of Radar Signal Processing | ||
| 260 |
_aNew York _bMcGraw Hill _c2005 |
||
| 300 | _axxviii,513p. | ||
| 500 | _aMS textbook Avionics | ||
| 942 |
_aCAE NUST _cMS _k621.3848/RIC |
||
| 999 |
_c328195 _d328195 |
||